U.S. Sates Satellite Imagery- Impossible Edition - Statistics

General Stats
  • This quiz has been taken 6 times
  • The average score is 26 of 49
Answer Stats
Picture Answer % Correct
Hawaii
100%
Louisiana
100%
Pennsylvania
100%
york
100%
Alaska
83%
California
83%
Colorado
83%
Nevada
83%
Oklahoma
83%
Utah
83%
Washington
83%
dakota
67%
dakota
67%
Florida
67%
Idaho
67%
Maine
67%
Maryland
67%
mexico
67%
Nebraska
67%
Oregon
67%
Wisconsin
67%
carolina
50%
hampshire
50%
Illinois
50%
Mississippi
50%
Ohio
50%
Texas
50%
Wyoming
50%
Arizona
33%
carolina
33%
Connecticut
33%
Delaware
33%
Indiana
33%
island
33%
Kansas
33%
Kentucky
33%
Michigan
33%
Missouri
33%
Montana
33%
Tennessee
33%
Vermont
33%
virginia
33%
Alabama
17%
Arkansas
17%
Iowa
17%
jersey
17%
Massachusetts
17%
Mennesota
17%
Virginia
17%
No matching quizzes found
Score Distribution
Percent of People with Each Score
Percentile by Number Answered
Your Score History
You have not taken this quiz